| 000 | 00733nam a22002537a 4500 | ||
|---|---|---|---|
| 003 | 0 | ||
| 005 | 20180711115902.0 | ||
| 008 | 0 | ||
| 010 | _aB-181649 | ||
| 020 | _c00.00 | ||
| 035 | _aB-181649, B-181650 | ||
| 037 | _bCen Lib/Ret | ||
| 040 |
_aDPL _bEN _c0 |
||
| 082 |
_a371.3044 _bSID |
||
| 100 |
_aSiddiqui, Mujibul Hasan _98074 |
||
| 245 |
_aTechniques of classroom teaching / _cby Mujibul Hasan Siddiqui |
||
| 260 |
_aNew Delhi _bA. P. H. Publishing Corporation _c2005 |
||
| 270 |
_a5, Ansari Road, Darya Ganj _bNew Delhi _e110002 |
||
| 300 |
_avi,303p. _c22cm(Hb) |
||
| 500 | _aIncludes index | ||
| 650 |
_aTeaching _98075 |
||
| 650 |
_aClassroom environment _98076 |
||
| 942 |
_2ddc _cEN _h371.3044 _mSID |
||
| 999 |
_c123798 _d123798 |
||